Le MotoGP en Thaïlande - Statistiques

Statistiques générales
  • Ce quiz a été pris 7 fois
  • Le résultat moyen est 4 sur 5
Statistiques - réponses
Écurie Écurie Pays Pilote % Correct
Repsol Honda Team (2018, 2019) Ducati Lenovo Team (2025) Flag_of_Spain.svg Marc Márquez
100%
Prima Pramac Racing (2023) Flag_of_Spain.svg Jorge Martín
86%
Aprilia Racing (2026) Flag_of_Italy.svg Marco Bezzecchi
86%
Red Bull KTM Factory Racing (2022) Flag_of_Portugal.svg Miguel Oliveira
86%
Ducati Lenovo Team (2024) Flag_of_Italy.svg Francesco Bagnaia
71%
Aucun quiz correspondant
Distribution des résultats
% des personnes avec chaque résultat
Percentile par nombre de réponses
Votre historique - résultats
Vous n’avez pas pris ce quiz